El Desarrollo de las Ciencias Sociales: Tradiciones, actores e instituciones en Argentina, Chile, México y Centroamérica /

En la primera mitad de la década de 1940, se inició en América Latina un movimiento de renovación radical de la Sociología, conocido con el nombre de "Sociología científica". En el mundo de habla hispana, José Medina Echavarría fue uno de sus portadores principales. ¿En respuesta a qué pre...

Ful tanımlama

Kaydedildi:
Detaylı Bibliyografya
Yazar: Pereyra, Diego
Diğer Yazarlar: Blanco, Alejandro, Navarro, Juan José, Quesada, Fernando, Gabay, Eliana, Casco, José, Rovira Mas, Jorge
Materyal Türü: Metin
Konular:
Etiketler: Etiketle
Etiket eklenmemiş, İlk siz ekleyin!

MARC

LEADER 00000 a a2200000 04500
001 43267
003
040
090 |a REV0229 (153) 2010  
100 |a Pereyra, Diego  
245 |a El Desarrollo de las Ciencias Sociales:  |b Tradiciones, actores e instituciones en Argentina, Chile, México y Centroamérica /  |c Diego Pereyra  
520 |a En la primera mitad de la década de 1940, se inició en América Latina un movimiento de renovación radical de la Sociología, conocido con el nombre de "Sociología científica". En el mundo de habla hispana, José Medina Echavarría fue uno de sus portadores principales. ¿En respuesta a qué preocupaciones y en función de qué expectativas de orden político e intelectual se articuló dicho programa? Este trabajo examina entonces las principales aristas de aquel programa, en procura de poner de relieve las relaciones entre ciencia y política como los compromisos culturales e intelectuales más amplios que lo articularon.  
590 |a RRA7NOVIEMBRE2012  
650 |a SOCIOLOGIA  
650 |a CIENCIA  
650 |a ANALISIS HISTORICO  
650 |a MEXICO  
650 |a AMERICA LATINA  
700 |a Blanco, Alejandro 
700 |a  Pereyra, Diego 
700 |a Navarro, Juan José 
700 |a Quesada, Fernando 
700 |a Gabay, Eliana 
700 |a Casco, José 
700 |a Rovira Mas, Jorge  
773 |g número153 (2010), 128 páginas  
999 |c 25511  |d 25511